| 000 | 00410 a2200157 4500 | ||
|---|---|---|---|
| 999 |
_c320855 _d320855 |
||
| 001 | 85782 | ||
| 003 | NUST | ||
| 005 | 20180119203259.0 | ||
| 008 | 180119b xxu||||| |||| 00| 0 eng d | ||
| 020 | _a9780021460038 | ||
| 082 | _a973 BAN | ||
| 100 |
_aJames A. Banks ; Jean Graven ; Barry K. Beyer _99174 |
||
| 245 |
_aCommunities Near and Far _hEnglish |
||
| 250 | _a1st | ||
| 260 |
_aNew York _bMcGraw Hill _c1993 |
||
| 300 | _axi 352p. | ||
| 500 | _aGifted By AM Masood Akhtar | ||
| 942 |
_acaenust _cBK _k973 BAN _2ddc |
||